000 00423pab a2200169 454500
008 180718b2014 xxu||||| |||| 00| 0 eng d
100 _aStockemer, Daniel
245 _aPresidentialism and voter turnout in legislative elections
260 _c2014
300 _ap.561-583.
362 _aJul
650 _aElections
700 _aCalca, Patricia
773 _aParliamentary Affairs
908 _aN
909 _a105138
999 _c105133
_d105133